| 000 | 00680nam a22002177a 4500 | ||
|---|---|---|---|
| 003 | OSt | ||
| 005 | 20250425105639.0 | ||
| 008 | 250425b |||a|||| |||| 00| 0 spa d | ||
| 020 | _a9586822214 | ||
| 035 | _a(CO-BoBLA)117892-57bdlrdc_inst | ||
| 035 | _aAHD1757 LA | ||
| 040 |
_aCO-JMCR _cCO-JMCR _bspa _dCO-JMCR _erda |
||
| 041 | 0 | _aspa | |
| 082 | 0 | 4 |
_a364.132 _bC69c _223 |
| 100 | 1 |
_aCollazos, Óscar, _d1942-2015. _944136 |
|
| 245 | 1 | 0 |
_aCartagena en la olla podrida / _cOscar Collazos. |
| 260 |
_aBogotá : _bContraloría General de la República, Alfaomega, _c2001. |
||
| 300 |
_a115 páginas ; _c21 cm. |
||
| 500 | _aIncluye fuentes de investigación. | ||
| 942 |
_2ddc _cBK |
||
| 999 |
_c30979 _d17363 |
||